01467 2200217 4500001002100000005001500021035002000036245003800056100001600094250001600110300003000126856002400156260003000180082001100210084001700221020002200238600002300260520092400283990002101207990002101228INLIS00000000000728720250711030901 a0010-07250000121 aManajemen Keuangan /cH. Musthafa0 aH. Musthafa aEd.1, Cet.1 ax, 250 hlm. ;c19 x 23 cm aIlmu - Ilmu Terapan aYogyakarta :bAndi,c2017 a658.15 a658.15 MUS m a978-979-29-6271-0 4aManajemen Keuangan aPengelolaan keuangan mutlak dilakukan agar suatu kegiatan dalam perusahaan dapat dijalankan dan berhasil dengan baik. Buku ini menunjukkan setiap kegiatan yang menggunakan keuangan. Buku Manajemen Keuangan ini merupakan salah satu media penting yang perlu diketahui oleh para pembaca yang ingin mengenal pengelolaan keuangan. Buku ini disajikan untuk pengelolaan keuangan, baik jangka pendek (seperti manajemen kas, manajemen piutang, manajemen persediaan), keputusan pendanaan jangka menengah (seperti leasing) maupun keputusan jangka panjang (seperti melakukan investasi, longterm financing decisions, merger dan acquisition, reorganisasi, dan manajemen keuangan internasional). Buku ini dilengkapi pula dengan ringkasan pada setiap akhir bab. Selain itu, juga membahas secara jelas dan menambahkan contoh-contoh serta penyelesaiannya agar pengelola keuangan dapat mempraktikkannya dalam kegiatan sehari-hari. a155 221 338 1405 a155 221 338 1406